00448nam a2200157Ia 450000500170000000800410001704000190005804100120007708200150008924500630010426000480016730000200021550400190023570000260025485000100028020240803103221.0131103s9999 xx 000 0 und d aLoreto College aEnglish a919.4bZIE aThis is Australiacedited and produced by Oswald L.Ziegler aSydneybOswald Ziegler Publicationsc[1956] a304 p.b illus. aIncludes index aZiegler,Oswald L.,ed. aLCLIB